| 000 | 00550nam a2200217Ia 4500 | ||
|---|---|---|---|
| 008 | 180523s9999 xx 000 0 und d | ||
| 020 | _a81-7245-297-7 | ||
| 050 | _aMAIN GV 1114.9 | ||
| 050 | _b.Y38 [200-?] | ||
| 100 | _aYates, Keith D. | ||
| 245 | 0 | _aTae kwon do basics / | |
| 245 | 0 | _cKeith D. Yates, H. Bryan Robbins. | |
| 260 | _aNew Delhi : | ||
| 260 | _bGoodwill Publishing, | ||
| 260 | _c200? | ||
| 300 | _a128 pages : | ||
| 300 | _billustrations ; | ||
| 300 | _c22 cm. | ||
| 500 | _aIncludes index. | ||
| 650 | _aTae kwon do. | ||
| 999 |
_c356721 _d356721 |
||